[Event "Seefeld op 18th"]
[Site "Seefeld"]
[Date "2007.09.02"]
[Round "2"]
[White "Ewanno, Georg"]
[Black "Helbig, Dieter"]
[Result "0-1"]
[WhiteElo "1250"]
[BlackElo "1863"]
[PlyCount "84"]
[EventDate "2007.09.01"]
[EventType "swiss"]
[EventRounds "9"]
[EventCountry "AUT"]
[SourceTitle "EXT 2009"]
[Source "ChessBase"]
[SourceDate "2008.11.26"]
[SourceVersion "1"]
[SourceVersionDate "2008.11.26"]
[SourceQuality "1"]

1. f4 c5 2. Nf3 Nc6 3. e3 g6 4. Nc3 Bg7 5. b3 Nf6 6. Rb1 0-0 7. Bb2 a6 8. a3 d6 9. Bd3 Ng4 10. 0-0 b5 11. Ne4 Qb6 12. Bxg7 Kxg7 13. Qe1 h6 14. Qh4 Rh8 15. Qg3 Nf6 16. Nxf6 exf6 17. Nh4 Ne7 18. Kh1 Bd7 19. f5 g5 20. Be4 Rae8 21. Bd3 Kf8 22. Nf3 Qc6 23. c4 Nxf5 24. Qf2 d5 25. cxb5 axb5 26. a4 bxa4 27. bxa4 Qxa4 28. Qe2 Nd6 29. Rb6 c4 30. Rxd6 cxd3 31. Qf2 Re6 32. Rxd5 Bc6 33. Rd8+ Kg7 34. Rxh8 Kxh8 35. Nd4 Rd6 36. Nf5 Rd7 37. Nxh6 Kh7 38. Ng4 Qxg4 39. Qf5+ Qxf5 40. Rxf5 Kg6 41. Rc5 Be4 42. Kg1 Ra7 0-1